| 000 | 00484 a2200181 4500 | ||
|---|---|---|---|
| 001 | 066377 | ||
| 003 | OSt | ||
| 005 | 20210927144403.0 | ||
| 008 | |||
| 082 |
_a004.678 _bS41I |
||
| 100 | 1 | _aSamuel, T.M. | |
| 245 | 1 |
_aInternet and information technology _cby T.M. Samuel and Maria Samuel |
|
| 260 |
_aNew Delhi _bCommon Wealth _c2008 |
||
| 300 | _a289p. | ||
| 690 | _aInformation technology; Internet | ||
| 700 | _aSamuel, Maria | ||
| 942 |
_2ddc _cBK |
||
| 999 |
_c437 _d437 |
||